NFL - 2023-2024 Eagles Roster - Statistics

General Stats
  • This quiz has been taken 385 times
  • The average score is 16 of 24
Answer Stats
Hint Answer % Correct
QB Jalen Hurts
100%
WR A.J. Brown
99%
WR DeVonta Smith
98%
RB D'Andre Swift
92%
C Jason Kelce
92%
TE Dallas Goedert
89%
RT Lane Johnson
87%
CB Darius Slay
81%
K Jake Elliot
80%
DT Fletcher Cox
75%
LT Jordan Mailata
73%
LG Landon Dickerson
66%
CB James Bradberry
63%
DE Haason Reddick
62%
WR Julio Jones
59%
DT Jordan Davis
57%
FS Reed Blankenship
51%
DE Josh Sweat
47%
MLB Nakobe Dean
45%
RG Cam Jurgens
43%
NB Avonte Maddox
35%
P Braden Mann
34%
SS Kevin Byard
33%
LB Zach Cunningham
20%
No matching quizzes found
Score Distribution
Percent of People with Each Score
Percentile by Number Answered
Your Score History
You have not taken this quiz